Intellectual Property Law (Record no. 2026)
[ view plain ]
| 000 -LEADER | |
|---|---|
| fixed length control field | 00709 a2200193 4500 |
| 020 ## - INTERNATIONAL STANDARD BOOK NUMBER | |
| International Standard Book Number | 8171771815 |
| Terms of availability | 330.00 |
| 035 ## - SYSTEM CONTROL NUMBER | |
| System control number | B-210779 |
| 037 ## - SOURCE OF ACQUISITION | |
| Source of stock number/acquisition | RP-ZLS-2714 / PANSY-07-08:3 / RP-07-08:ENG |
| 082 14 - DEWEY DECIMAL CLASSIFICATION NUMBER | |
| Classification number | 346.048 |
| 090 ## - LOCALLY ASSIGNED LC-TYPE CALL NUMBER (OCLC); LOCAL CALL NUMBER (OCLC) | |
| -- | 2061 |
| -- | 2061 |
| 100 1# - MAIN ENTRY--PERSONAL NAME | |
| Personal name | Narayanan, P. |
| 245 1# - TITLE STATEMENT | |
| Title | Intellectual Property Law |
| Statement of responsibility, etc | by P. Narayanan |
| 250 ## - EDITION STATEMENT | |
| Edition statement | 3rd ed. |
| Remainder of edition statement | revised with updated and amended statutes |
| 260 ## - PUBLICATION, DISTRIBUTION, ETC. (IMPRINT) | |
| Place of publication, distribution, etc | Kolkata |
| Name of publisher, distributor, etc | Eastern Law House |
| Date of publication, distribution, etc | 2006 |
| 300 ## - PHYSICAL DESCRIPTION | |
| Extent | 33, 631 p |
| Dimensions | 22 cm (pbk) |
| 500 ## - GENERAL NOTE | |
| General note | includes index |
| 942 ## - ADDED ENTRY ELEMENTS (KOHA) | |
| Institution code [OBSOLETE] | dpl |
| Koha item type | English Books |
| Call number prefix | 346.048 / NAR |
| Withdrawn status | Lost status | Source of classification or shelving scheme | Damaged status | Not for loan | Collection code | Home library | Current library | Shelving location | Date acquired | Cost, normal purchase price | Total Checkouts | Full call number | Barcode | Date last seen | Uniform Resource Identifier | Cost, replacement price | Price effective from | Koha item type |
|---|---|---|---|---|---|---|---|---|---|---|---|---|---|---|---|---|---|---|
| Lost and Paid For | Dewey Decimal Classification | Non-fiction | Sarojini Nagar | Sarojini Nagar | General Stacks | 04/06/2012 | 330.00 | 346.048 NAR | B-210779 | 15/09/2008 | 2141 | 330.00 | 15/09/2008 | English Books |
